[Event "Florianopolis op 9th"]
[Site "Florianopolis"]
[Date "2023.01.23"]
[Round "1"]
[White "Luz, Christian Oliveira"]
[Black "Do Valle Cardoso, Lucas"]
[Result "0-1"]
[WhiteElo "1594"]
[BlackElo "2206"]
[PlyCount "88"]
[EventDate "2023.01.23"]
[EventType "swiss"]
[EventRounds "10"]
[EventCountry "BRA"]
[SourceTitle "CBM 212 Extra"]
[Source "ChessBase"]
[SourceDate "2023.03.31"]
[SourceVersion "1"]
[SourceVersionDate "2023.03.31"]
[SourceQuality "1"]

1. e4 c5 2. Nf3 d6 3. d4 cxd4 4. Nxd4 Nf6 5. Nc3 a6 6. a4 g6 7. Bc4 Bg7 8. 0-0 Nc6 9. Be3 Ng4 10. Nb3 Bxc3 11. bxc3 Nxe3 12. fxe3 Ne5 13. Qd4 0-0 14. Nd2 Qc7 15. Bb3 Bd7 16. Nf3 Rac8 17. Rad1 Bg4 18. Rd2 Bxf3 19. gxf3 Qxc3 20. f4 Qxd4 21. exd4 Nc4 22. Rd3 Kg7 23. Rf2 Rc7 24. f5 f6 25. Rg3 g5 26. h4 h6 27. hxg5 hxg5 28. Rh2 Rh8 29. Rxh8 Kxh8 30. Rh3+ Kg7 31. Rc3 b5 32. Kf2 d5 33. exd5 Rc8 34. axb5 axb5 35. Kg1 Nd6 36. Rc5 Rb8 37. Rc7 Rb7 38. Rxb7 Nxb7 39. c3 Nd6 40. Bc2 Kh6 41. Bd3 g4 42. Kf2 Kg5 43. Kg1 Kf4 44. Kf2 Ne4+ 0-1

[Event "Timbo op 2nd"]
[Site "Timbo"]
[Date "2022.02.18"]
[Round "3"]
[White "Gauche, Charles"]
[Black "Luz, Christian Oliveira"]
[Result "1-0"]
[WhiteElo "2240"]
[BlackElo "1443"]
[PlyCount "84"]
[EventDate "2022.02.17"]
[EventType "swiss"]
[EventRounds "7"]
[EventCountry "BRA"]
[SourceTitle "EXT 2023"]
[Source "ChessBase"]
[SourceDate "2022.10.05"]
[SourceVersion "1"]
[SourceVersionDate "2022.10.05"]
[SourceQuality "1"]

1. d4 c5 2. d5 Nf6 3. Nc3 e6 4. e4 exd5 5. exd5 d6 6. Nf3 a6 7. a4 g6 8. Be2 Bg7 9. 0-0 0-0 10. h3 b6 11. Bg5 Bb7 12. Qd2 Re8 13. Rfe1 Qc7 14. Bh6 Nbd7 15. Bxg7 Kxg7 16. Bc4 Rxe1+ 17. Rxe1 Re8 18. Rxe8 Nxe8 19. Qe2 Ndf6 20. Bxa6 Bxa6 21. Qxa6 Qb8 22. Qb5 Nc7 23. Qc6 Na6 24. Na2 Qc7 25. Qxc7 Nxc7 26. c4 Na6 27. Kf1 Ne4 28. Ke2 f5 29. Nd2 Nf6 30. Kd3 Nd7 31. f4 h6 32. Kc3 Nf6 33. Nc1 g5 34. fxg5 hxg5 35. Nd3 Nh5 36. g4 fxg4 37. hxg4 Nf6 38. Nf2 Kg6 39. Nde4 Ne8 40. Nh3 Nf6 41. Nexg5 Nxg4 42. Ne6 Kf7 1-0

[Event "Santa Catarina State-ch 67th"]
[Site "Rio Negrinho"]
[Date "2021.10.23"]
[Round "1"]
[White "Luz, Christian Oliveira"]
[Black "Umetsubo, Cesar Hidemitsu"]
[Result "0-1"]
[WhiteElo "1459"]
[BlackElo "2379"]
[PlyCount "80"]
[EventDate "2021.10.21"]
[EventType "swiss"]
[EventRounds "7"]
[EventCountry "BRA"]
[SourceTitle "EXT 2023"]
[Source "ChessBase"]
[SourceDate "2022.10.05"]
[SourceVersion "1"]
[SourceVersionDate "2022.10.05"]
[SourceQuality "1"]

1. e4 c5 2. Nf3 e6 3. d4 cxd4 4. Nxd4 Nf6 5. Bd3 Nc6 6. c3 d5 7. exd5 Qxd5 8. 0-0 Nxd4 9. cxd4 Bd7 10. Be3 Bc6 11. f3 Bd6 12. Nc3 Qh5 13. g3 0-0 14. Ne4 Be7 15. Nxf6+ Bxf6 16. Be4 Rac8 17. Qd3 Bb5 18. Qd2 Bxf1 19. Rxf1 b6 20. Qd3 g6 21. b4 Rfd8 22. a4 Bxd4 23. Bxd4 e5 24. g4 Qh3 25. Bb7 Rxd4 26. Qe2 Rcd8 27. Qxe5 Rd2 28. Qg3 Qxg3+ 29. hxg3 R8d4 30. Rf2 Rxf2 31. Kxf2 Rxb4 32. Bc6 g5 33. Bb5 f6 34. Ke3 Kf7 35. f4 Ke6 36. Kf3 Kd5 37. Ke3 h6 38. Kf3 Rb3+ 39. Kf2 gxf4 40. gxf4 Ke4 0-1

[Event "Sao Bento do Sul op 05"]
[Site "Sao Bento do Sul"]
[Date "2021.05.08"]
[Round "3"]
[White "Luz, Christian Oliveira"]
[Black "Ribeiro Carrico, Victor Hugo"]
[Result "0-1"]
[WhiteElo "1466"]
[BlackElo "1753"]
[PlyCount "48"]
[EventDate "2021.05.07"]
[EventType "swiss"]
[EventRounds "6"]
[EventCountry "BRA"]
[SourceTitle "EXT 2022"]
[Source "ChessBase"]
[SourceDate "2021.10.06"]
[SourceVersion "1"]
[SourceVersionDate "2021.10.06"]
[SourceQuality "1"]

1. e4 e5 2. Nf3 Nc6 3. Bc4 Nf6 4. d3 Bc5 5. h3 d6 6. c3 Bb6 7. a4 a6 8. Bg5 h6 9. Bxf6 Qxf6 10. Na3 0-0 11. Nc2 Be6 12. Bxe6 fxe6 13. 0-0 Rf7 14. Qd2 Raf8 15. Ne3 Ne7 16. d4 Qg6 17. Kh1 Qxe4 18. Rae1 Rxf3 19. gxf3 Rxf3 20. Ng2 Rxh3+ 21. Kg1 Qg4 22. Re3 Nf5 23. Rxh3 Qxh3 24. dxe5 Ng3 0-1

[Event "Florianopolis op 6th"]
[Site "Florianopolis"]
[Date "2020.01.24"]
[Round "7"]
[White "Luz, Christian Oliveira"]
[Black "Usui, Gabriella Yumi"]
[Result "1-0"]
[WhiteElo "1521"]
[BlackElo "1227"]
[PlyCount "119"]
[EventDate "2020.01.20"]
[EventType "swiss"]
[EventRounds "10"]
[EventCountry "BRA"]
[SourceTitle "CBM 194 Extra"]
[Source "ChessBase"]
[SourceDate "2020.03.31"]
[SourceVersion "1"]
[SourceVersionDate "2020.03.31"]
[SourceQuality "1"]

1. d4 d5 2. c4 e6 3. e3 Nf6 4. Nf3 Be7 5. Be2 0-0 6. 0-0 b6 7. a3 Bb7 8. b3 dxc4 9. bxc4 c5 10. Bb2 Qd7 11. Nbd2 Nc6 12. Nb3 cxd4 13. exd4 Rfd8 14. Qc2 Rac8 15. Rfd1 Qc7 16. Rac1 h6 17. d5 Nb8 18. Be5 Qd7 19. dxe6 Qxe6 20. Nbd4 Qg4 21. h3 Qg6 22. Bd3 Be4 23. Bxe4 Qxe4 24. Bxf6 Qxc2 25. Nxc2 Bxf6 26. Ne3 Nc6 27. a4 Nb4 28. Rb1 a5 29. Nd5 Nxd5 30. cxd5 Rd6 31. Nd4 Bxd4 32. Rxd4 Rc5 33. Rbd1 Kf8 34. f4 Ke7 35. Kf2 Kf6 36. g4 g5 37. Kf3 Rc3+ 38. R1d3 Rc5 39. Ke4 Rc7 40. Kf3 Rc5 41. Rd1 Rc3+ 42. R1d3 Rc5 43. fxg5+ Kxg5 44. Ke4 f6 45. Rf3 Rc7 46. Rf5+ Kg6 47. h4 Re7+ 48. Kf4 Rc7 49. g5 hxg5+ 50. hxg5 fxg5+ 51. Rxg5+ Kf6 52. Rf5+ Ke7 53. Ke5 Rcd7 54. Rh5 Kd8 55. Rh8+ Kc7 56. Re8 Kb7 57. Re6 Rxe6+ 58. Kxe6 Kc7 59. d6+ Kd8 60. Rh4 1-0

[Event "Florianopolis op 6th"]
[Site "Florianopolis"]
[Date "2020.01.23"]
[Round "6"]
[White "De Carvalho, Vitor Augusto Ponci"]
[Black "Luz, Christian Oliveira"]
[Result "1/2-1/2"]
[WhiteElo "1272"]
[BlackElo "1521"]
[PlyCount "26"]
[EventDate "2020.01.20"]
[EventType "swiss"]
[EventRounds "10"]
[EventCountry "BRA"]
[SourceTitle "CBM 194 Extra"]
[Source "ChessBase"]
[SourceDate "2020.03.31"]
[SourceVersion "1"]
[SourceVersionDate "2020.03.31"]
[SourceQuality "1"]

1. e4 e5 2. d4 exd4 3. Bc4 Bc5 4. Nf3 Nc6 5. 0-0 h6 6. c3 dxc3 7. Nxc3 Qe7 8. Qd5 d6 9. Bf4 Be6 10. Qd3 Bxc4 11. Qxc4 Nf6 12. Rad1 a6 13. a4 Ba7 1/2-1/2

[Event "BRA-ch Amateur U1600"]
[Site "Sao Paulo"]
[Date "2019.06.23"]
[Round "7"]
[White "Consoli, Anderson Luiz"]
[Black "Luz, Christian Oliveira"]
[Result "1-0"]
[WhiteElo "1484"]
[BlackElo "1400"]
[PlyCount "47"]
[EventDate "2019.06.20"]
[EventType "swiss"]
[EventRounds "7"]
[EventCountry "BRA"]
[SourceTitle "CBM 195 Extra"]
[Source "ChessBase"]
[SourceDate "2020.05.31"]
[SourceVersion "1"]
[SourceVersionDate "2020.05.31"]
[SourceQuality "1"]

1. e4 e5 2. Bc4 d6 3. d3 Nf6 4. Nc3 c6 5. f4 g6 6. Nf3 Bg7 7. 0-0 Bg4 8. h3 Bxf3 9. Qxf3 0-0 10. f5 Kh8 11. Ne2 a5 12. a3 Nbd7 13. Bg5 b5 14. Ba2 Nb6 15. Qe3 c5 16. h4 Qc7 17. Ng3 Ng4 18. Qc1 h5 19. f6 Bxf6 20. Bxf6+ Nxf6 21. Rxf6 Kg7 22. Nxh5+ Kh7 23. Qg5 Qe7 24. Raf1 1-0